00610nam a2200169 a 450000100100000000500170001000800410002704000250006808200140009310000330010724500730014026000360021330000210024971000410027095201120031199900170042300004189920201002035823.0131021s2000 dr 000 0 spa d aDO-SdBNPbspacBNPHU axxxbxxxx1 aPina Acevedo, Ramón91963110aEn defensa de la imparcialidad electoral. /cRamón Pina Acevedo M. aSanto Domingo, :bITESA,c2000. a133 p. ;c21 cm.2 aInstituto Técnico Salesiano917768 0010718PDaPDbPDcCTd2013-10-21iLF1l0oxxx xxxxp41899-10r2020-06-25w2020-06-25yLFPDZNo se presta c41388d41388